hard to love - rosé (lyrics) - Statistics

General Stats
  • This quiz has been taken 28 times
  • The average score is 223 of 249
Answer Stats
Answer % Correct
a
100%
'cause
100%
cause
100%
'Cause
100%
hard
100%
hard,
100%
(Hard
100%
(hard
100%
I
100%
I'm
100%
it,
100%
it
100%
love
100%
love)
100%
love,
100%
to
100%
too
100%
when
100%
you
100%
You
100%
all
95%
do
95%
do)
95%
don't
95%
feel
95%
good
95%
good,
95%
me
95%
me,
95%
no
95%
be
90%
can't
90%
fall
90%
fuck
90%
give
90%
here
90%
in
90%
just
90%
much
90%
Never
90%
not
90%
of
90%
so
90%
that
90%
the
90%
trust
90%
trust,
90%
up
90%
Up
90%
want
90%
when
90%
with
90%
Yeah,
90%
(Yeah
90%
(Yeah,
90%
Yeah
90%
your
90%
again
86%
Ain't
86%
ain't
86%
and
86%
but,
86%
feels
86%
got
86%
I'll
86%
it's
86%
like
86%
make
86%
need
86%
once
86%
problem
86%
see
86%
'til
86%
am,
81%
away.
81%
distance
81%
driving
81%
fix
81%
heaven,
81%
insane
81%
is
81%
issues,
81%
keep
81%
kissing
81%
meant
81%
old
81%
saint,
81%
same
81%
should
81%
story.
81%
truth
81%
won't
81%
Baby,
76%
because
76%
care
76%
find
76%
magic
76%
only
76%
out
76%
'til
76%
tool
76%
true.
76%
true)
76%
tryna
76%
until
76%
down
71%
'em.
71%
pain
71%
swear
71%
telling
71%
work
71%
lot
67%
save
67%
nice
62%
behind
52%
dark
52%
heart,
52%
back
43%
know
43%
Protect
43%
fire
33%
going
33%
play
33%
yet
33%
start
29%
No matching quizzes found
Score Distribution
Percent of People with Each Score
Percentile by Number Answered
Your Score History
You have not taken this quiz